01115nam a2200193Ia 4500001001100000003001000011008004100021040002500062041001300087100002000100245004000120250001100160260006500171300001200236500026200248501011400510520026200624650003500886L520-25947IT-CnALBA170116s9999||||xx |||||||||||||| ||und|| aIT-CnALBAcIT-CnALBA aITALIANO aPAPP DESIDERIUS 0aAVVENIRE E FINE DEL MONDO. VOL. I.  a5a ed. aMILANObBOMPIANI VALENTINO CASA EDITR. c1940 [1° Ed.:1940] a325 p.  aTRADUZIONE DAL TEDESCO. PREFAZIONE DELL'AUTORE. SEGNALI DALLO SPAZIO. DRAMMA DELLA VITA SULLA TERRA. IPOTESI SULLA FINE DELLA VITA. LA CATASTROFE. PERICOLO DELLO SPAZIO COSMICO. DESTINO DELL'UMANITÀ. ENERGIE TERRESTRI. FINE DEL GENERE UMANO. ESTINZIONE DE aSocietà San Paolo EM - Piazza San Paolo, 14 - 12051 ALBA (CN) (non commercial uses only) ® Copyright 2017 aTRADUZIONE DAL TEDESCO. PREFAZIONE DELL'AUTORE. SEGNALI DALLO SPAZIO. DRAMMA DELLA VITA SULLA TERRA. IPOTESI SULLA FINE DELLA VITA. LA CATASTROFE. PERICOLO DELLO SPAZIO COSMICO. DESTINO DELL'UMANITÀ. ENERGIE TERRESTRI. FINE DEL GENERE UMANO. ESTINZIONE DE aASTRONOMIA E SCIENZE COLLEGATE